Have They Done Eurovision? - Statistics

General Stats
  • This quiz has been taken 14 times
  • The average score is 13 of 18
Answer Stats
Question Answer % Correct
Maneskin Yes
100%
Eurythmics No
92%
David Bowie No
92%
Céline Dion Yes
92%
ABBA Yes
92%
Elton John No
83%
Paris Hilton No
83%
Cliff Richard Yes
75%
Rosa Linn Yes
75%
Flo Rida Yes
75%
Nelly Furtado No
67%
Eros Ramazotti No
67%
Julio Iglesias Yes
67%
Anastacia No
58%
Las Ketchup Yes
58%
Jacques Brel No
50%
Patricia Kaas Yes
50%
Nana Mouskouri Yes
50%
No matching quizzes found
Score Distribution
Percent of People with Each Score
Percentile by Number Answered
Your Score History
You have not taken this quiz